000 00739nam a22001817a 4500
999 _c371324
_d371324
008 201127b ||||| |||| 00| 0 eng d
040 _aDE-2950
_bger
_cDE-2950
_erda
041 _ager
245 _aDas Brettspiel zur Pandemie.
_bFreizeit: Seit Oktober ist "Coronarr" im Handel erhältlich. Vater und Sohn aus Eisenhüttenstadt hatten die Idee zu dem ironisch ausgerichteten Strategie-Spiel /
_cHagen Bernard
264 _c2022
653 _aPandemie / Corona
653 _aGesellschaftsspiel
773 _dFrankfurt (Oder) Märkisches Verlags- und Druckhaus GmbH & Co KG
_tMärkische Oderzeitung
_g33. Jahrgang (2022) Nr. 13 vom 17.01.2022, S. 15
942 _cA